Život a dílo národohospodáře Prof. Dr. J. Macka. Významní čestí národohospodáři.
Životná dráha Josefa Macka (1887-1972, od r. 1949 v USA), predstaviteľa a propagátora ekonomickej vedy, od r. 1921 mimoriadny, od r. 1926 riadny profesor národného hospodárstva na Vysokej škole obchodnej v Prahe, jediný z profesorov orientovaný socialisticky. Teoretické názory J. Macka. Jeho úsilie...
Saved in:
| Main Author: | |
|---|---|
| Format: | Book Chapter |
| Language: | Czech |
| Subjects: | |
| Tags: |
No Tags, Be the first to tag this record!
|
MARC
| LEADER | 00000naa a2200000 4500 | ||
|---|---|---|---|
| 001 | r012961 | ||
| 005 | 20221205075423.9 | ||
| 041 | 0 | |a cze | |
| 044 | |a CZ | ||
| 245 | 1 | 0 | |a Život a dílo národohospodáře Prof. Dr. J. Macka. |b Významní čestí národohospodáři. |c M. Šmejkal |
| 520 | |a Životná dráha Josefa Macka (1887-1972, od r. 1949 v USA), predstaviteľa a propagátora ekonomickej vedy, od r. 1921 mimoriadny, od r. 1926 riadny profesor národného hospodárstva na Vysokej škole obchodnej v Prahe, jediný z profesorov orientovaný socialisticky. Teoretické názory J. Macka. Jeho úsilie o formovanie hospodárskej politiky v predvojnovej ČSR (publicistická činnosť, kritika K. Engliša). Vplyv J. Macka na platformu sociálnej demokracie, jeho vzťah k Marxovmu ekonomickému učeniu a názory na socializmus (protimarxisticky orientovaný ekonóm). Knižné publikácie 1915-1948. | ||
| 610 | 2 | 0 | |a Macek, J. |
| 610 | 2 | 0 | |a teórie ekonomické |
| 610 | 2 | 0 | |a ekonómovia |
| 610 | 2 | 0 | |a Čechy |
| 610 | 2 | 0 | |a 1915-1948 |
| 610 | 2 | 0 | |a politika hospodárska |
| 610 | 2 | 0 | |a ČSR |
| 610 | 2 | 0 | |a demokracia sociálna |
| 100 | 1 | |a Šmejkal, M. | |